MLB Baseball Single Season RBI Record - Statistics

General Stats
  • This quiz has been taken 318 times
  • The average score is 18 of 30
Answer Stats
Team Answer RBI Year % Correct
Arizona Diamondbacks Matt Williams/Luis Gonzalez 142 1999/2001
92%
Texas Rangers Juan Gonzalez 157 1998
86%
Seattle Mariners Ken Griffey Jr. 147 1997
86%
New York Yankees Lou Gehrig 185 1931
86%
Minnesota Twins Harmon Killebrew 140 1969
84%
Miami Marlins Giancarlo Stanton 132 2017
83%
Cleveland Indians Manny Ramirez 165 1999
77%
New York Mets Mike Piazza /David Wright 124 1999/2008
77%
Chicago Cubs Hack Wilson 191 1930
76%
Boston Red Sox Jimmie Foxx 175 1938
74%
Oakland Athletics Jimmie Foxx 169 1932
74%
Cincinnati Reds George Foster 149 1977
65%
Colorado Rockies Andres Galarraga 150 1996
63%
Detroit Tigers Hank Greenberg 184 1937
63%
San Francisco Giants Mel Ott 151 1929
61%
Milwaukee Brewers Prince Fielder 141 2009
60%
Toronto Blue Jays Carlos Delgado 145 2003
59%
Houston Astros Lance Berkman 136 2006
59%
Washington Nationals Vladimir Guerrero 131 1999
58%
San Diego Padres Ken Caminiti 130 1996
56%
Baltimore Orioles Ken Williams 155 1922
56%
Chicago White Sox Albert Belle 152 1998
52%
Tampa Bay Rays Carlos Pena 121 2007
42%
Pittsburgh Pirates Paul Waner 131 1927
41%
Los Angeles Dodgers Tommy Davis 153 1962
39%
Los Angeles Angels Don Baylor 139 1979
35%
St. Louis Cardinals Joe Medwick 154 1937
31%
Philadelphia Phillies Chuck Klein 170 1930
30%
Kansas City Royals Mike Sweeney 144 2000
26%
Atlanta Braves Hugh Duffy 145 1894
6%
No matching quizzes found
Score Distribution
Percent of People with Each Score
Percentile by Number Answered
Your Score History
You have not taken this quiz